Statistics for 2018 FIFA World Cup - Quarterfinalists

Click here to take the quiz!

General Stats

  • This quiz has been taken 55 times
    (48 since last reset)
  • The average score is 7 of 8

Answer Stats

country% Correct
England
98%
Brazil
95%
Belgium
93%
France
93%
Sweden
93%
Croatia
91%
Russia
91%
Uruguay
79%

Score Distribution

Percentile by Number Answered

Percent of People with Each Score

Your Score History

You have not taken this quiz since the last reset